Food by Emoji - Statistics

General Stats
  • This quiz has been taken 53 times
    44 since last reset
  • The average score is 19 of 22
Answer Stats
Emoji Food % Correct
πŸ• Pizza
100%
πŸ‰ Watermelon
100%
πŸͺ Cookie
97%
🍦 Ice Cream
89%
🍞 Bread
86%
πŸŽ‚ Cake
86%
πŸ§€ Cheese
86%
🍫 Chocolate
86%
🍩 Donut
86%
πŸ₯œ Peanut
86%
πŸ₯” Potato
86%
πŸ… Tomato
86%
πŸ₯“ Bacon
84%
πŸ₯š Egg
84%
🌭 Hot Dog
84%
🍣 Sushi
84%
🍬 Candy
81%
πŸ₯₯ Coconut
81%
🍿 Pop Corn
81%
πŸ₯¨ Pretzel
81%
🍭 Lollipop
70%
πŸ₯Ÿ Dumpling
51%
No matching quizzes found
Score Distribution
Percent of People with Each Score
Percentile by Number Answered
Your Score History
You have not taken this quiz since the last reset